000 00646nam a2200241 a 4500
001 nice12345678
003 IN_TiNIC
005 20260116011308.0
008 050524s1938 bana grp 000 0 eng
020 _a
_c100
082 0 0 _a297.2
_bSHU
100 _aShushtery, A M A
245 _aOutlines of Islamic Culture
260 _aBangalore
_bBangalore Book House
_c1938
300 _a340p
500 _aincludes index and biblioraphy
505 2 _aindex
505 2 _aindex00
_gV1.
_tHistorical and Cultural Aspects.--
_gV2.
_tPhilosophical and Theological
650 _aIslam-Doctrines
902 _bSRS
942 _cBK
999 _c258
_d258